000 01337nam a2200325 c 4500
003 BLK
005 20180420222700.0
008 180408b bul|||||r ||||||| ||bul||
010 _aKNG00061408000
040 _aBLK
041 _aBUL
_cBUL
080 _aПлуване. Подводен спорт. Водни игри. Скокове във вода
_b797.2
_x(038)
_z797.2(038)
100 1 _aПопов, Иван Христов
_eпърви автор
_9259380
700 1 _aВалтер, Герт
_eсъавт.
_9287599
700 1 _aКонстантинов, Христо
_eсъавт.
_9287600
139 _aПопов, Иван Христов и др.
_bП 76
245 1 0 _aПлуване от А до Я
_bТерминологичен речник
_cИван Христов Попов; съавт. Герт Валтер; съавт. Христо Константинов.
257 _aBGR
260 София
_bМедицина и физкултура
_c1986
300 _a135 с.
_bс ил., сх., табл.
_c22 см
380 _a79
650 4 _aПлуване - терминология, речници
_9287601
653 _aплуване
653 _aтерминологични речници
852 _aЦб 141643
856 4 _qpdf
_u
856 4 _qpdf
_u
942 _cKNG
_n0
944 _aCR
_c13.06.2004
_kЧиталня
944 _aED
_c08.09.2015
_k
999 _c57405
_d57405